000 00597nam a2200193 a 4500
001 000023677
005 20200930022404.0
008 101218nuuuuuuuuec r 000 0 spa d
040 _aDO-SdBNP
_bspa
_cBNPHU
082 _axxx
_bC157l
100 1 _aCalle, Manuel J.
_948775
245 1 0 _aLeyenda del tiempo heroico /
_cManuel J. Calle ; introducción Hernan Rodríguez Castelo.
260 _aQuito :
_bAriel,
_c[s. f.].
300 _a176 p. ;
_c18 cm.
490 1 _aClásicos Ariel ;
_v22
700 1 _aRodríguez Castelo, Hernan
_945487
830 0 _aClásicos Ariel ;
_n22
_948776
049 _aBNGR
999 _c23173
_d23173